000 00517nam a2200217Ia 4500
003 OSt
005 20140313093938.0
008 140130s9999 xx 000 0 und d
020 _a9780590033787
050 _aPZ 7
_b.M9825Wi 2000
100 _aMyers, Christopher
245 _aWings /
_cChristopher Myers.
260 _bScholastic,
_aNew York :
_c2000.
300 _a40 p. :
_bcol. ill. ;
_c28 cm.
440 _v1
521 _aG2
526 _c400
942 _cBK
_2lcc
999 _c40256
_d40256